00418pab a2200145 454500008004000000100002200040245008700062260000900149300001300158362000800171650002400179650002600203650001000229773003300239180718b1996 xxu||||| |||| 00| 0 eng d aBanaszak, Lee Ann aWhen waves collide: cycles of protest and the Swiss and American women's movements c1996 ap.837-60 aDec aWomen - Switzerland aWomen - United States aWomen aPolitical Research Quarterly